History of North Africa : (Record no. 27460)
[ view plain ]
| 000 -LEADER | |
|---|---|
| fixed length control field | 01185cam a2200337 4500 |
| 001 - CONTROL NUMBER | |
| control field | 27460 |
| 003 - CONTROL NUMBER IDENTIFIER | |
| rucl marc code | BD-RjUL |
| 005 - DATE AND TIME OF LATEST TRANSACTION | |
| control field | 20211209051146.0 |
| 008 - FIXED-LENGTH DATA ELEMENTS--GENERAL INFORMATION | |
| fixed length control field | 140325s1970 enkbe b 001 0 eng d |
| 020 ## - INTERNATIONAL STANDARD BOOK NUMBER | |
| International Standard Book Number | 0710066147 |
| 035 ## - SYSTEM CONTROL NUMBER | |
| System control number | (BD-RjUL)27534 |
| 040 ## - CATALOGING SOURCE | |
| Original cataloging agency | DLC |
| Transcribing agency | DLC |
| Modifying agency | BD-RjUL |
| Language of cataloging | eng |
| 041 1# - LANGUAGE CODE | |
| Language code of text/sound track or separate title | engfre |
| 082 00 - DEWEY DECIMAL CLASSIFICATION NUMBER | |
| Classification number | 961.02 |
| Author mark and year | JUH 1970 |
| 100 1# - MAIN ENTRY--PERSONAL NAME | |
| Personal name | Julien, Charles André, |
| Dates associated with a name | 1891- |
| 9 (RLIN) | 84364 |
| 245 10 - TITLE STATEMENT | |
| Title | History of North Africa : |
| Remainder of title | Tunisia, Algeria, Morocco, from the Arab Conquest to 1830 / |
| Statement of responsibility, etc. | translated [from the French] by John Petrie; edited by C. C. Stewart; edited and revised by R. Le Tourneau. |
| 260 ## - PUBLICATION, DISTRIBUTION, ETC. (IMPRINT) | |
| Place of publication, distribution, etc. | London : |
| Name of publisher, distributor, etc. | Routledge & K. Paul, |
| Date of publication, distribution, etc. | 1970. |
| 300 ## - PHYSICAL DESCRIPTION | |
| Pagination | xvi, 446 p. : |
| Illustrations | ill, maps, plans ; |
| Size | 23 cm. |
| 350 ## - PRICE (NR) (BK AM CF MU VM SE) [OBSOLETE] | |
| Price | 90/- |
| 500 ## - GENERAL NOTE | |
| General note | Translation of Histoire de L'Afrique du Nord. |
| 504 ## - BIBLIOGRAPHY, ETC. NOTE | |
| Bibliography, etc | Includes Bibliography: p. 359-421 and index. |
| 650 ## - SUBJECT ADDED ENTRY--TOPICAL TERM | |
| Topical term or geographic name as entry element | Africa, North |
| 9 (RLIN) | 84365 |
| 651 #0 - SUBJECT ADDED ENTRY--GEOGRAPHIC NAME | |
| Geographic name | Africa, North |
| General subdivision | History. |
| 9 (RLIN) | 84366 |
| 700 1# - ADDED ENTRY--PERSONAL NAME | |
| Personal name | Le Tourneau, Roger, |
| Relator term | ed. |
| Personal name | John Petrie |
| Personal name | Stewart, C. C. |
| Personal name | R. Le Tourneau. |
| 942 ## - ADDED ENTRY ELEMENTS (KOHA) | |
| Source of classification or shelving scheme | Dewey Decimal Classification |
| Koha item type | Books |
| Lost status | Source of classification or shelving scheme | Damaged status | Not for loan | Collection code | Permanent Location | Current Location | Shelving location | Date acquired | Source of acquisition | Cost, normal purchase price | Total Checkouts | Full call number | Date last seen | Copy number | Koha item type |
|---|---|---|---|---|---|---|---|---|---|---|---|---|---|---|---|
| Dewey Decimal Classification | Added to bundle | Non-fiction | Central Library, University of Rajshahi | Central Library, University of Rajshahi | Reading Room | 08/01/1981 | Heffers | 7.50 | 961.02 JUH 1970 | 25/03/2014 | C-1 | Books |